000 00501nam a22001817a 4500
005 20251108171030.0
008 250721s2001 xx 000 0 ara d
082 1 4 _a351/شهو
100 1 _aشهوان، أسامه
245 1 0 _aإدارة الدولة :
_bالمفاهيم و التطور /
264 1 _aعمان :
_bدار الشروق،
_c2001.
300 _a136ص
650 1 7 _aالإدارة
650 1 7 _aالدولة
650 1 7 _aالدستور
942 _2ddc
_cBK
999 _c54837
_d54837